000 00511nam a2200181Ia 4500
999 _c13726
_d13726
003 OSt
005 20201021120052.0
008 190216s9999||||xx |||||||||||||| ||und||
020 _a9780140120493
040 _coclc
082 _a823
_bTHA/G
100 _aTharoor, Shashi
_91771
_d1956-
245 4 _aThe Great Indian Novel /
_cShashi Tharoor
260 _bPenguin Books ,
_c1989.
_aNew Delhi:
300 _a423p
650 _aEnglish Novel
942 _cBK
_2ddc
_h823
_iTHA/G
_k823
_mTHA/G